00579nam a2200181 a 450000500170000000800410001702000180005805000180007610000210009424500520011526000350016730000150020244000170021750000290023452000810026365000290034465000240037320140412111243.0010809s19uu xx 00 eng d a0-590-43904-9 aERbAl51 1992 aBrownrigg, Sheri aAll tutus should be pink /cby Sheri Brownrigg. aNew york :bScholastic,c1992. a1v. (unp.) aHello reader aCatwheel books 'Level 2" aTwo little girls attend ballet class and eat strawberry ice cream afterwards aBallet dancing - Fiction aFriendship- fiction